Skład Chelsea w sezonach 2023/24 - 2018/19 - Statystyki

Ogólne statystyki
  • Ten quiz został rozwiązany 122 razy
  • Średni wynik to 52 z 66
Statystyki odpowiedzi
Sezon Pozycja Kraj Piłkarz % Poprawnych
2023/24 Napastnik Nicolas Jackson
96%
2021/22 Bramkarz Edouard Mendy
93%
2020/21 Bramkarz Edouard Mendy
93%
2023/24 Pomocnik Enzo Fernández
93%
2022/23 Pomocnik Enzo Fernández
93%
2023/24 Pomocnik Moisés Caicedo
93%
2023/24 Obrońca Thiago Silva
91%
2022/23 Obrońca Thiago Silva
91%
2021/22 Obrońca Thiago Silva
91%
2020/21 Obrońca Thiago Silva
91%
2023/24 Pomocnik Cole Palmer
90%
2021/22 Obrońca Reece James
90%
2020/21 Obrońca Reece James
90%
2019/20 Obrońca Reece James
90%
2021/22 Pomocnik Jorginho
89%
2020/21 Pomocnik Jorginho
89%
2019/20 Pomocnik Jorginho
89%
2018/19 Pomocnik Jorginho
89%
2023/24 Obrońca Marc Cucurella
88%
2022/23 Obrońca Marc Cucurella
88%
2021/22 Obrońca Antonio Rüdiger
87%
2020/21 Obrońca Antonio Rüdiger
87%
2018/19 Obrońca Antonio Rüdiger
87%
2018/19 Napastnik Eden Hazard
87%
2022/23 Napastnik Kai Havertz
86%
2021/22 Napastnik Kai Havertz
86%
2020/21 Napastnik Kai Havertz
86%
2019/20 Obrońca Andreas Christensen
85%
2019/20 Pomocnik Mateo Kovačić
85%
2018/19 Pomocnik Mateo Kovačić
85%
2022/23 Bramkarz Kepa Arrizabalaga
84%
2019/20 Bramkarz Kepa Arrizabalaga
84%
2018/19 Bramkarz Kepa Arrizabalaga
84%
2021/22 Pomocnik N'Golo Kanté
84%
2020/21 Pomocnik N'Golo Kanté
84%
2018/19 Pomocnik N'Golo Kanté
84%
2020/21 Napastnik Timo Werner
84%
2021/22 Napastnik Romelu Lukaku
83%
2021/22 Obrońca César Azpilicueta
80%
2020/21 Obrońca César Azpilicueta
80%
2019/20 Obrońca César Azpilicueta
80%
2018/19 Obrońca César Azpilicueta
80%
2022/23 Obrońca Kalidou Koulibaly
74%
2019/20 Napastnik Willian
74%
2018/19 Napastnik Willian
74%
2023/24 Bramkarz Đorđe Petrović
71%
2021/22 Obrońca Marcos Alonso
70%
2019/20 Obrońca Marcos Alonso
70%
2018/19 Obrońca Marcos Alonso
70%
2022/23 Napastnik Mason Mount
69%
2021/22 Napastnik Mason Mount
69%
2020/21 Napastnik Mason Mount
69%
2019/20 Napastnik Mason Mount
69%
2023/24 Obrońca Malo Gusto
68%
2020/21 Obrońca Ben Chilwell
67%
2023/24 Obrońca Axel Disasi
61%
2018/19 Obrońca David Luiz
61%
2023/24 Pomocnik Conor Gallagher
60%
2022/23 Pomocnik Conor Gallagher
60%
2018/19 Napastnik Pedro
59%
2023/24 Pomocnik Raheem Sterling
58%
2022/23 Napastnik Raheem Sterling
58%
2019/20 Napastnik Tammy Abraham
50%
2019/20 Obrońca Kurt Zouma
42%
2022/23 Obrońca Trevoh Chalobah
34%
2022/23 Pomocnik Ruben Loftus-Cheek
29%
Nie znaleziono quizów pasujących do podanych kryteriów
Rozkład punktacji
Procent ludzi z każdym wynikiem
Percentyl według liczby udzielonych odpowiedzi
Twoja historia wyników
Nie rozwiązałeś tego quizu